• 首页
  • 本馆介绍
  • 公告通知
  • 最新文献
  • 馆藏检索
  • 电子资源
  • 读者导购
  • 参考咨询
  • 我的图书馆
  • 登录
  • 详细信息显示
  • 放入我的书架
  • 预约/预借图书
  • 作者相关作品
  • 分类相关作品
  • 丛书相关作品
  • 出版社相关作品

书目信息

  • 表格格式
  • 工作单格式
  • 卡片格式
题名:
资源型城市土地利用/土地覆被变化与景观动态
    
 
作者: 臧淑英 , 冯仲科 著
分册:  
出版信息: 北京   科学出版社  2008.01
页数: 223页
开本: 26cm
丛书名:
单 册:
中图分类: F299.273.53 , X321.235.3
科图分类:
主题词: 城市--土地利用--研究--大庆市 , 城市--景观生态环境--研究--大庆市
电子资源:
ISBN: 978-7-03-020022-8
000 01245nam0 2200277 450
001 012004206637
005 20091202085426.01
010    @a978-7-03-020022-8@dCNY49.00
100    @a20080119d2008 em y0chiy0110 ea
101 0  @achi
102    @aCN@b110000
105    @aa z 000yy
106    @ar
200 1  @a资源型城市土地利用/土地覆被变化与景观动态@9zi yuan xing cheng shi tu di li yong/tu di fu bei bian hua yu jing guan dong tai@e大庆市案例分析@f臧淑英,冯仲科著
210    @a北京@c科学出版社@d2008.01
215    @a223页@c彩图@d26cm
300    @a国家自然科学基金项目(No.40271044) 哈尔滨师范大学学术著作基金项目(KZ2005-01)联合资助
330    @a本书系统地介绍了资源型城市土地利用/土地覆被变化(LUCC)的研究内容、研究方法、热点以及景观格局的演变过程,并以黑龙江省大庆市为研究区,分析了大庆市这个资源型城市的土地利用和景观格局的时空变化,对其变化的驱动机制进行了定性和定量分析,并提出了基于生态足迹模型的大庆市可持续发展定量评估方法。
606 0  @a城市@x土地利用@x研究@y大庆市
606 0  @a城市@x景观生态环境@x研究@y大庆市
690    @aF299.273.53@v4
690    @aX321.235.3@v4
701  0 @a臧淑英@9zang shu ying@4著
701  0 @a冯仲科@9feng zhong ke@4著
801  0 @aCN@bNLC@c20091202
905    @b794216-20@dF299.273.53@e727@f5
    
    资源型城市土地利用/土地覆被变化与景观动态:大庆市案例分析/臧淑英,冯仲科著.-北京:科学出版社,2008.01
    223页:彩图;26cm
    国家自然科学基金项目(No.40271044) 哈尔滨师范大学学术著作基金项目(KZ2005-01)联合资助
    
    ISBN 978-7-03-020022-8:CNY49.00
    本书系统地介绍了资源型城市土地利用/土地覆被变化(LUCC)的研究内容、研究方法、热点以及景观格局的演变过程,并以黑龙江省大庆市为研究区,分析了大庆市这个资源型城市的土地利用和景观格局的时空变化,对其变化的驱动机制进行了定性和定量分析,并提出了基于生态足迹模型的大庆市可持续发展定量评估方法。
●
相关链接 在E读中查询图书 在五车中查询图书 在当当中查询图书 在豆瓣中查询图书


正题名:资源型城市土地利用/土地覆被变化与景观动态     索取号:F299.273.53/727         预约/预借

序号 登录号 条形码 馆藏地/架位号 状态 备注
1 794216   207942164   第一样本阅览室/ [索取号:F299.273.53/727] 在馆    
2 794217   207942173   第一借阅区/ [索取号:F299.273.53/727] 在馆    
3 794218   207942182   第一借阅区/ [索取号:F299.273.53/727] 在馆    
4 794219   207942191   第一借阅区/ [索取号:F299.273.53/727] 在馆    
5 794220   207942208   密集书库-资源管理系/ [索取号:F299.273.53/727] 在馆    
唐山师范学院图书馆 欢迎您!
大连网信软件有限公司© 版权所有